00412 2200157 4500001002100000005001500021035002000036245005800056100001200114300003000126260004300156082000800199084001400207020002100221990001200242INLIS00000000000265920250903085639 a0010-09250000061 aAmanah Oh Amanah dan Sebelas Kisah Lainnya /cAchi TM0 aAchi TM a106 hlm ;c13,5 x 20,5 cm aJakarta :bEmir Cakrawala Islam,c2019 a813 a813 ACH a a978-602-093591-1 a0755363